Documento del Consejo de Seguridad Nacional sobre la política hacia Centroamérica y Cuba
Es un análisis que aborda la postura y estrategias del Consejo de Seguridad Nacional de Estados Unidos hacia los países de Centroamérica y Cuba. El documento revela cómo se delinearon las políticas y acciones para influir en la situación política y económica de la región, así como en la relación con...
Shranjeno v:
| Format: | Texto |
|---|---|
| Jezik: | Spanish |
| Teme: | |
| Oznake: |
Označite
Brez oznak, prvi označite!
|
MARC
| LEADER | 00000 a a2200000 04500 | ||
|---|---|---|---|
| 001 | 12709 | ||
| 003 | cru CIDCACS/IIS | ||
| 005 | 20230829180046.0 | ||
| 008 | 230207b |||||||| |||| 00| 0 spa d | ||
| 040 | |c cru CIDCACS/IIS | ||
| 245 | |a Documento del Consejo de Seguridad Nacional sobre la política hacia Centroamérica y Cuba | ||
| 500 | |a Colección Centroamérica | ||
| 520 | |a Es un análisis que aborda la postura y estrategias del Consejo de Seguridad Nacional de Estados Unidos hacia los países de Centroamérica y Cuba. El documento revela cómo se delinearon las políticas y acciones para influir en la situación política y económica de la región, así como en la relación con Cuba. Se examina cómo estas políticas tuvieron un impacto en las dinámicas regionales y en las relaciones internacionales de Estados Unidos. RAR 07/2023 | ||
| 650 | 0 | |2 OCDE |9 5212 |a SEGURIDAD NACIONAL | |
| 650 | 0 | |2 OCDE |9 370 |a POLITICA EXTERIOR | |
| 650 | 0 | |2 OCDE |9 7931 |a ESTRATEGIAS | |
| 650 | 4 | |2 OCDE |9 2646 |a RELACIONES INTERNACIONALES | |
| 650 | 0 | |2 OCDE |9 2851 |a ANALISIS REGIONAL | |
| 650 | 0 | |2 OCDE |9 2812 |a RELACIONES BILATERALES | |
| 651 | 0 | |2 OCDE |9 308 |a CENTROAMERICA | |
| 651 | 4 | |2 OCDE |9 1846 |a CUBA | |
| 773 | |g número 7-8; páginas 88-90 | ||
| 773 | 0 | |0 43288 |9 8189 |a Instituto Centroamericano de Documentación e Investigaciones Sociales, ICADIS |d San José, Costa Rica: ICADIS, 1981- |o 18228 |t Polémica/ | |
| 942 | |2 ddc |c PP | ||
| 999 | |c 40008 |d 40008 | ||
